[Event "Baden-ch 94th"]
[Site "Forst"]
[Date "2022.09.30"]
[Round "1"]
[White "Schlenker, Joerg"]
[Black "Muckle, Richard"]
[Result "1/2-1/2"]
[WhiteElo "2152"]
[BlackElo "2013"]
[PlyCount "69"]
[EventDate "2022.09.30"]
[EventType "swiss"]
[EventRounds "7"]
[EventCountry "GER"]
[SourceTitle "CBM 210 Extra"]
[Source "ChessBase"]
[SourceDate "2022.11.30"]
[SourceVersion "1"]
[SourceVersionDate "2022.11.30"]
[SourceQuality "1"]

1. d4 d5 2. Nc3 e6 3. Bf4 Bd6 4. Qd2 Nf6 5. f3 a6 6. e4 dxe4 7. Bxd6 cxd6 8. fxe4 Nc6 9. Nf3 d5 10. Bd3 dxe4 11. Nxe4 h6 12. c3 Nxe4 13. Bxe4 Bd7 14. 0-0 0-0 15. Rae1 Qb6 16. Bb1 Rae8 17. Rf2 Qa5 18. b4 Qb6 19. a3 Ne7 20. Ne5 Nc6 21. Qd3 f5 22. Ba2 Nxe5 23. Rxe5 Kh8 24. Rfe2 Qd6 25. R2e3 Bb5 26. Qd2 Bd7 27. c4 Qb8 28. a4 Bxa4 29. Rxe6 Bd7 30. Rxe8 Rxe8 31. c5 Bb5 32. Bd5 b6 33. Rxe8+ Bxe8 34. c6 Qd6 35. Bc4 1/2-1/2

[Event "Verbandsliga Nordbaden 2223"]
[Site "Germany"]
[Date "2022.09.25"]
[Round "1.6"]
[White "Grosse, Christian"]
[Black "Muckle, Richard"]
[Result "1-0"]
[WhiteElo "2034"]
[BlackElo "2018"]
[PlyCount "83"]
[EventDate "2022.09.25"]
[EventType "team-tourn"]
[EventRounds "9"]
[EventCountry "GER"]
[SourceTitle "EXT 2024"]
[Source "ChessBase"]
[SourceDate "2023.10.10"]
[SourceVersion "1"]
[SourceVersionDate "2023.10.10"]
[SourceQuality "1"]
[WhiteTeam "Lindenhof"]
[BlackTeam "Walldorf II"]
[WhiteTeamCountry "GER"]
[BlackTeamCountry "GER"]

1. e4 e6 2. d4 d5 3. Nd2 Be7 4. c3 dxe4 5. Nxe4 Nf6 6. Bd3 Bd7 7. Nf3 Nxe4 8. Bxe4 Bc6 9. Bc2 Bf6 10. Qd3 Bxf3 11. Qxf3 c6 12. Bf4 Nd7 13. 0-0-0 Qa5 14. Kb1 0-0-0 15. Bg3 Nf8 16. h4 h5 17. Rhe1 Ng6 18. Bxg6 fxg6 19. Rxe6 Qf5+ 20. Qxf5 gxf5 21. Rde1 Rhf8 22. Bd6 Rf7 23. Be7 Bxe7 24. Rxe7 Rd7 25. Rxf7 Rxf7 26. Kc2 Kd7 27. Re5 Rf6 28. Kd3 Rg6 29. g3 Rf6 30. Ke3 g6 31. Kf4 Rd6 32. Kg5 b6 33. b4 a6 34. a4 b5 35. a5 Kd8 36. Kh6 f4 37. gxf4 Rf6 38. Kg5 Rf7 39. Re4 Rg7 40. Kf6 Rg8 41. Kf7 Rh8 42. Kg7 1-0

[Event "GER Pfingstopen U25"]
[Site "Playchess.com INT"]
[Date "2020.06.02"]
[Round "11"]
[White "Bashylina, Luisa"]
[Black "Muckle, Richard"]
[Result "1-0"]
[WhiteElo "1917"]
[BlackElo "1934"]
[PlyCount "109"]
[EventDate "2020.06.02"]
[EventType "swiss (blitz)"]
[EventRounds "11"]
[EventCountry "GER"]
[SourceTitle "CBM 197 Extra"]
[Source "ChessBase"]
[SourceDate "2020.09.30"]
[SourceVersion "1"]
[SourceVersionDate "2020.09.30"]
[SourceQuality "1"]

1. e4 e6 2. d4 d5 3. Nd2 dxe4 4. Nxe4 Be7 5. Nf3 Nf6 6. Bd3 Bd7 7. 0-0 Bc6 8. Re1 Nxe4 9. Bxe4 Bxe4 10. Rxe4 c6 11. c3 Bf6 12. Qb3 Qb6 13. Bf4 Qxb3 14. axb3 Nd7 15. b4 a6 16. h3 0-0 17. Ree1 Rfe8 18. Ra5 Rad8 19. Nd2 Rc8 20. Nc4 Bd8 21. Raa1 Bc7 22. Bxc7 Rxc7 23. Nd6 Rb8 24. f4 g6 25. g4 Nf6 26. f5 exf5 27. gxf5 Nd5 28. Re4 b6 29. Rxa6 c5 30. dxc5 bxc5 31. b5 Rd7 32. Re5 Nc7 33. Rc6 Nxb5 34. Ne8 Rd1+ 35. Kg2 Rd2+ 36. Kg3 Rxb2 37. Nf6+ Kg7 38. Nd7 Rd8 39. f6+ Kh6 40. Re7 Nxc3 41. Ne5 Ne4+ 42. Kf4 Rd4 43. Nxf7+ Kh5 44. Rxe4 Rd5 45. Re5+ Rxe5 46. Nxe5 Rf2+ 47. Nf3 Kh6 48. Rxc5 Ra2 49. Rc7 Ra4+ 50. Ke5 Ra3 51. Nd4 Rxh3 52. f7 Re3+ 53. Kf4 Re1 54. f8Q+ Kh5 55. Rxh7# 1-0

[Event "GER Pfingstopen U25"]
[Site "Playchess.com INT"]
[Date "2020.06.02"]
[Round "3"]
[White "Baskin, Robert"]
[Black "Muckle, Richard"]
[Result "1-0"]
[WhiteElo "2214"]
[BlackElo "1934"]
[PlyCount "101"]
[EventDate "2020.06.02"]
[EventType "swiss (blitz)"]
[EventRounds "11"]
[EventCountry "GER"]
[SourceTitle "CBM 197 Extra"]
[Source "ChessBase"]
[SourceDate "2020.09.30"]
[SourceVersion "1"]
[SourceVersionDate "2020.09.30"]
[SourceQuality "1"]

1. e4 e6 2. d4 d5 3. Nc3 dxe4 4. Nxe4 Be7 5. Nf3 Nf6 6. Bd3 Bd7 7. c3 Nxe4 8. Bxe4 Bc6 9. Bd3 Bf6 10. Bf4 Nd7 11. Qe2 Bxf3 12. Qxf3 c6 13. 0-0-0 Qa5 14. Kb1 0-0-0 15. Rhe1 Rhe8 16. Bf1 e5 17. dxe5 Nxe5 18. Qh3+ Re6 19. Rxd8+ Qxd8 20. Qxh7 Ng4 21. Rxe6 fxe6 22. Qc2 Qd5 23. f3 Ne5 24. Bg3 Nd7 25. Be2 Nc5 26. Qd1 Qxd1+ 27. Bxd1 b6 28. Kc2 Kd7 29. Be2 Nb7 30. Bd3 Nd6 31. b4 Nf5 32. Bf2 Kc7 33. g4 Nd6 34. h4 a5 35. a3 axb4 36. axb4 b5 37. Bg3 Kd7 38. g5 Bd8 39. Be5 Ne8 40. Bg6 Be7 41. Bxe8+ Kxe8 42. Bxg7 Kf7 43. Be5 Kg6 44. Kd3 Kh5 45. Ke4 Kxh4 46. g6 Bf8 47. g7 Bxg7 48. Bxg7 Kg3 49. Ke5 Kxf3 50. Kxe6 Ke4 51. Kd6 1-0

[Event "GER Pfingstopen U25"]
[Site "Playchess.com INT"]
[Date "2020.06.02"]
[Round "7"]
[White "Lenz, Jonas"]
[Black "Muckle, Richard"]
[Result "1-0"]
[WhiteElo "1954"]
[BlackElo "1934"]
[PlyCount "119"]
[EventDate "2020.06.02"]
[EventType "swiss (blitz)"]
[EventRounds "11"]
[EventCountry "GER"]
[SourceTitle "CBM 197 Extra"]
[Source "ChessBase"]
[SourceDate "2020.09.30"]
[SourceVersion "1"]
[SourceVersionDate "2020.09.30"]
[SourceQuality "1"]

1. d4 d5 2. c4 e6 3. Nf3 Nf6 4. g3 Be7 5. Bg2 0-0 6. 0-0 b6 7. cxd5 Nxd5 8. e4 Nf6 9. Nc3 Bb7 10. Qe2 Nbd7 11. Rd1 c6 12. Bf4 Re8 13. Rac1 Rc8 14. Qc2 Nf8 15. h3 Ng6 16. Be3 Qc7 17. Qb3 Qb8 18. a4 c5 19. d5 exd5 20. exd5 Bd6 21. Re1 Rcd8 22. Rcd1 Ne5 23. Ng5 h6 24. Nge4 Nxe4 25. Nxe4 Nd7 26. Nxd6 Qxd6 27. Bf4 Qf6 28. a5 Nf8 29. Rxe8 Rxe8 30. axb6 axb6 31. Be3 Rd8 32. Bf4 Nd7 33. Qa4 Ne5 34. Qa7 Rd7 35. Qb8+ Kh7 36. Qxe5 Qxe5 37. Bxe5 b5 38. d6 Bxg2 39. Kxg2 f6 40. Bf4 Kg6 41. Rd5 Kf7 42. Rxc5 g5 43. Be3 Rxd6 44. Rxb5 Ra6 45. Rb6 Ra2 46. Bd4 f5 47. Rxh6 Ra4 48. Bc3 Ke7 49. Rf6 f4 50. gxf4 gxf4 51. Kf3 Ra1 52. Rxf4 Rh1 53. Kg2 Ra1 54. h4 Ke6 55. h5 Ra8 56. h6 Ra7 57. Bg7 Kd5 58. Rg4 Ra8 59. h7 Ke6 60. Bf8 1-0

[Event "GER Pfingstopen U25"]
[Site "Playchess.com INT"]
[Date "2020.06.02"]
[Round "4"]
[White "Muckle, Richard"]
[Black "Fidlin, Simon"]
[Result "1-0"]
[WhiteElo "1934"]
[BlackElo "1824"]
[PlyCount "139"]
[EventDate "2020.06.02"]
[EventType "swiss (blitz)"]
[EventRounds "11"]
[EventCountry "GER"]
[SourceTitle "CBM 197 Extra"]
[Source "ChessBase"]
[SourceDate "2020.09.30"]
[SourceVersion "1"]
[SourceVersionDate "2020.09.30"]
[SourceQuality "1"]

1. d4 d5 2. g3 Nf6 3. Bg2 e6 4. Nf3 c5 5. c3 Nc6 6. 0-0 Bd7 7. Nbd2 Be7 8. Re1 0-0 9. e4 Qb6 10. exd5 exd5 11. dxc5 Bxc5 12. Rf1 Ng4 13. Nd4 Nxd4 14. cxd4 Bxd4 15. Qf3 Rae8 16. Nb3 Bxf2+ 17. Rxf2 Re1+ 18. Bf1 Bb5 19. Be3 Qxe3 20. Qxe3 Rxe3 21. Bxb5 Nxf2 22. Kxf2 Re6 23. Rd1 a6 24. Be2 Rfe8 25. Bf3 Rd6 26. Rxd5 Rxd5 27. Bxd5 Re7 28. Bf3 b6 29. Be2 a5 30. Nd4 g6 31. Ke1 Re4 32. Nf3 Kg7 33. Kd2 h6 34. Bd3 Re7 35. a4 Rc7 36. b3 Kf6 37. Bc4 h5 38. Nd4 Rd7 39. Ke3 Ke5 40. Nf3+ Kd6 41. Nd2 Kc5 42. Ne4+ Kb4 43. Ng5 f6 44. Ne4 Re7 45. Kf4 f5 46. Nd6 Rd7 47. Nb5 Rd2 48. h4 Rc2 49. Nd6 Rf2+ 50. Kg5 Rg2 51. Kxg6 f4 52. Kxh5 Rxg3 53. Nf5 Rg1 54. Nd4 Kc3 55. Ne2+ Kd2 56. Nxg1 Ke1 57. Nf3+ Kf2 58. Kg4 Ke3 59. h5 b5 60. h6 bxc4 61. bxc4 Kd3 62. c5 Kc4 63. c6 Kb4 64. c7 Kxa4 65. c8Q Kb3 66. h7 a4 67. h8Q a3 68. Qhc3+ Ka2 69. Q8c4+ Kb1 70. Q4b3# 1-0

[Event "GER Pfingstopen U25"]
[Site "Playchess.com INT"]
[Date "2020.06.02"]
[Round "9"]
[White "Muckle, Richard"]
[Black "Serrer, David"]
[Result "1/2-1/2"]
[WhiteElo "1934"]
[BlackElo "1953"]
[PlyCount "92"]
[EventDate "2020.06.02"]
[EventType "swiss (blitz)"]
[EventRounds "11"]
[EventCountry "GER"]
[SourceTitle "CBM 197 Extra"]
[Source "ChessBase"]
[SourceDate "2020.09.30"]
[SourceVersion "1"]
[SourceVersionDate "2020.09.30"]
[SourceQuality "1"]

1. d4 Nf6 2. g3 d5 3. Bg2 e6 4. Nf3 Be7 5. 0-0 0-0 6. c3 c5 7. Re1 Nc6 8. Nbd2 b6 9. e4 dxe4 10. Nxe4 Bb7 11. Nxf6+ Bxf6 12. dxc5 bxc5 13. Qxd8 Rfxd8 14. Be3 Be7 15. Nd2 Na5 16. Bxb7 Nxb7 17. Nb3 Kf8 18. Red1 Ke8 19. Kf1 Rd5 20. c4 Rxd1+ 21. Rxd1 Bf6 22. Nxc5 Nxc5 23. Bxc5 Bxb2 24. Rb1 Be5 25. Rb7 Rc8 26. Bxa7 Rxc4 27. Be3 Ra4 28. Ra7 Rxa7 29. Bxa7 Kd7 30. Ke2 Kc6 31. Kd3 Kb5 32. f4 Bd6 33. Ke4 f5+ 34. Kd4 Kb4 35. a3+ Kb5 36. a4+ Kxa4 37. Bc5 Bc7 38. Bf8 g6 39. Kc5 e5 40. fxe5 Bxe5 41. Kd5 Bc3 42. Ke6 Kb5 43. Bh6 Kc4 44. Kf7 Kd5 45. Kg8 Ke6 46. Kxh7 Kf7 1/2-1/2

[Event "GER Pfingstopen U25"]
[Site "Playchess.com INT"]
[Date "2020.06.02"]
[Round "5"]
[White "Yankelevich, Lev"]
[Black "Muckle, Richard"]
[Result "1-0"]
[WhiteElo "2108"]
[BlackElo "1934"]
[PlyCount "129"]
[EventDate "2020.06.02"]
[EventType "swiss (blitz)"]
[EventRounds "11"]
[EventCountry "GER"]
[SourceTitle "CBM 197 Extra"]
[Source "ChessBase"]
[SourceDate "2020.09.30"]
[SourceVersion "1"]
[SourceVersionDate "2020.09.30"]
[SourceQuality "1"]

1. d4 d5 2. c4 e6 3. Nc3 Nf6 4. cxd5 exd5 5. Bg5 c6 6. e3 Be7 7. Bd3 Bg4 8. Qc2 Nbd7 9. h3 Be6 10. Nf3 h6 11. Bf4 Nb6 12. Ne5 Nfd7 13. Nf3 Nf6 14. 0-0 0-0 15. Rab1 Re8 16. b4 a6 17. a4 Nc4 18. Bxc4 dxc4 19. a5 Nd5 20. Na2 Nxf4 21. exf4 Bf6 22. Rbd1 Bd5 23. Ne5 Bxe5 24. fxe5 Qh4 25. Nc3 Re6 26. Nxd5 cxd5 27. f4 Rg6 28. Rf3 Rg3 29. Rxg3 Qxg3 30. Qf2 Qxf2+ 31. Kxf2 b6 32. axb6 Rb8 33. Ra1 Rxb6 34. Ra5 Rxb4 35. Rxd5 c3 36. Ke3 Rb2 37. Rc5 Rxg2 38. Rc8+ Kh7 39. Rxc3 Kg6 40. Kf3 Rd2 41. Ke3 Rd1 42. Rc7 a5 43. Ra7 Ra1 44. d5 a4 45. d6 a3 46. d7 Rd1 47. Ke2 Rd5 48. Ke3 a2 49. Ke4 Rd1 50. f5+ Kg5 51. Rxa2 Rxd7 52. Rg2+ Kh4 53. Rxg7 Ra7 54. f6 h5 55. Rh7 Kg5 56. Kd5 Kg6 57. Rg7+ Kf5 58. h4 Ra5+ 59. Kd6 Ra6+ 60. Ke7 Kxe5 61. Rg5+ Kf4 62. Kxf7 Ra8 63. Kg7 Ra1 64. f7 Rh1 65. f8Q+ 1-0

[Event "GER Cup Net V4 U2000"]
[Site "Playchess.com INT"]
[Date "2020.05.31"]
[Round "7"]
[White "Muckle, Richard"]
[Black "Lange, Stephan"]
[Result "0-1"]
[WhiteElo "2018"]
[BlackElo "2258"]
[PlyCount "182"]
[EventDate "2020.05.31"]
[EventType "swiss (blitz)"]
[EventRounds "9"]
[EventCountry "GER"]
[SourceTitle "EXT 2021"]
[Source "ChessBase"]
[SourceDate "2020.10.23"]
[SourceVersion "1"]
[SourceVersionDate "2020.10.23"]
[SourceQuality "1"]

1. d4 g6 2. c3 Bg7 3. g3 c6 4. Bg2 Nh6 5. Nf3 f6 6. Nbd2 Nf7 7. 0-0 d6 8. e4 e6 9. Re1 0-0 10. Nb3 Qe7 11. d5 cxd5 12. exd5 e5 13. c4 Na6 14. Be3 b6 15. Bf1 f5 16. Nc1 Bb7 17. Rb1 Qf6 18. b4 Rfc8 19. c5 dxc5 20. bxc5 Nxc5 21. Bxc5 Rxc5 22. Bg2 Rd8 23. Qa4 Ra5 24. Qc2 Bxd5 25. Nb3 Bxb3 26. Qxb3 Kh8 27. Rbd1 Re8 28. Nd2 e4 29. Nc4 Rc5 30. Ne3 Qe6 31. Bf1 Qxb3 32. axb3 Ne5 33. Kg2 h5 34. Nc4 Nf3 35. Re2 Re7 36. Ra2 Kh7 37. Rd8 Nd4 38. b4 Rcc7 39. Ne3 Red7 40. Rxd7 Rxd7 41. b5 Ne6 42. Nc4 Nc5 43. Ne3 Bh6 44. Nc4 Bg7 45. Ne3 Bf6 46. Nc4 Kg7 47. Ra3 Ne6 48. Ra2 Nd4 49. Ne3 Nf3 50. Nc2 Nd4 51. Nxd4 Bxd4 52. Rc2 Bc5 53. h3 Kf6 54. Ra2 Ke5 55. Be2 Bb4 56. Bc4 Ba5 57. Bg8 g5 58. Bb3 h4 59. f4+ gxf4 60. gxf4+ Kxf4 61. Be6 Rd2+ 62. Rxd2 Bxd2 63. Bd7 Be3 64. Kf1 Bc5 65. Ke2 Ke5 66. Bc8 f4 67. Bd7 f3+ 68. Kf1 e3 69. Bg4 e2+ 70. Ke1 Bb4+ 71. Kf2 e1Q+ 72. Kxf3 Qg3+ 73. Ke2 Kf4 74. Kd1 Qd3+ 75. Kc1 Qxb5 76. Kc2 Qc5+ 77. Kd3 a5 78. Bc8 Qe3+ 79. Kc4 Qe2+ 80. Kb3 b5 81. Bf5 Qe3+ 82. Kc2 Kxf5 83. Kb2 Qxh3 84. Kc2 Be7 85. Kb2 Bd8 86. Ka2 Qg3 87. Kb2 h3 88. Ka2 h2 89. Kb2 h1Q 90. Kc2 Qhh2+ 91. Kd1 Qgg1# 0-1

[Event "Rheinland Pfalz op 11th"]
[Site "Weilerbach"]
[Date "2019.06.22"]
[Round "6"]
[White "Muckle, Richard"]
[Black "Kemper, Yannik"]
[Result "1-0"]
[WhiteElo "2057"]
[BlackElo "1856"]
[PlyCount "72"]
[EventDate "2019.06.20"]
[EventType "swiss"]
[EventRounds "7"]
[EventCountry "GER"]
[SourceTitle "CBM 191 Extra"]
[Source "ChessBase"]
[SourceDate "2019.09.30"]
[SourceVersion "1"]
[SourceVersionDate "2019.09.30"]
[SourceQuality "1"]

1. d4 Nf6 2. g3 g6 3. Bg2 Bg7 4. Nf3 0-0 5. 0-0 d6 6. c3 Nbd7 7. Bg5 h6 8. Bxf6 Nxf6 9. Nbd2 c5 10. Re1 Rb8 11. dxc5 dxc5 12. Nb3 b6 13. Qxd8 Rxd8 14. Ne5 Bb7 15. Bxb7 Rxb7 16. Rad1 Rxd1 17. Rxd1 e6 18. Rd8+ Kh7 19. Nd2 b5 20. Nb3 Rc7 21. Na5 Nd5 22. Nec6 Nb6 23. Rb8 Rd7 24. Rb7 Rxb7 25. Nxb7 Na4 26. Nxa7 b4 27. cxb4 cxb4 28. Nc6 Bxb2 29. Nxb4 Nc3 30. Kf1 Ba3 31. Nc2 Be7 32. a3 Kg7 33. Na5 Nb5 34. Nc4 Nc3 35. Ke1 Kf8 36. Nb4 Bc5 1-0

[Event "Rheinland Pfalz op 11th"]
[Site "Weilerbach"]
[Date "2019.06.22"]
[Round "5"]
[White "Musiolik, David"]
[Black "Muckle, Richard"]
[Result "1-0"]
[WhiteElo "2132"]
[BlackElo "2057"]
[PlyCount "101"]
[EventDate "2019.06.20"]
[EventType "swiss"]
[EventRounds "7"]
[EventCountry "GER"]
[SourceTitle "CBM 191 Extra"]
[Source "ChessBase"]
[SourceDate "2019.09.30"]
[SourceVersion "1"]
[SourceVersionDate "2019.09.30"]
[SourceQuality "1"]

1. e4 e6 2. d4 d5 3. e5 c5 4. c3 cxd4 5. cxd4 Nc6 6. Nf3 Bb4+ 7. Bd2 Bxd2+ 8. Qxd2 Nge7 9. Bd3 Bd7 10. Nc3 a6 11. 0-0 Qb6 12. Na4 Qb4 13. Qxb4 Nxb4 14. Nb6 Rb8 15. Be2 Nc8 16. Nxd7 Kxd7 17. Rfc1 h6 18. Kf1 Ne7 19. a3 Nbc6 20. Bd3 Rhc8 21. b4 Na7 22. Nd2 Rxc1+ 23. Rxc1 Rc8 24. Rc5 Rxc5 25. bxc5 Kc7 26. Nb3 Nec6 27. Ke2 Nb5 28. Bxb5 axb5 29. Kd3 b6 30. Kc3 Na5 31. cxb6+ Kxb6 32. Nxa5 Kxa5 33. Kb3 Ka6 34. Kb4 Kb6 35. a4 bxa4 36. Kxa4 Ka6 37. Kb4 Kb6 38. h4 g5 39. h5 g4 40. Ka4 Ka6 41. Kb4 Kb6 42. Kc3 Kb5 43. Kb3 Ka5 44. Kc3 Kb5 45. Kd3 Kb4 46. g3 Kb5 47. f3 Kc6 48. fxg4 Kd7 49. g5 Ke7 50. gxh6 Kf8 51. g4 1-0

[Event "Rheinland Pfalz op 11th"]
[Site "Weilerbach"]
[Date "2019.06.20"]
[Round "1"]
[White "Boehm, Aljoscha"]
[Black "Muckle, Richard"]
[Result "0-1"]
[WhiteElo "1637"]
[BlackElo "2057"]
[PlyCount "91"]
[EventDate "2019.06.20"]
[EventType "swiss"]
[EventRounds "7"]
[EventCountry "GER"]
[SourceTitle "CBM 191 Extra"]
[Source "ChessBase"]
[SourceDate "2019.09.30"]
[SourceVersion "1"]
[SourceVersionDate "2019.09.30"]
[SourceQuality "1"]

1. e4 e6 2. d4 d5 3. e5 c5 4. c3 Nc6 5. Nf3 cxd4 6. cxd4 Bd7 7. Be2 Bb4+ 8. Nc3 Nge7 9. a3 Ba5 10. b4 Bb6 11. b5 Na5 12. 0-0 Rc8 13. Na4 Nc4 14. Nxb6 Qxb6 15. a4 Nf5 16. Bxc4 Rxc4 17. Be3 0-0 18. Qd3 Rfc8 19. Rfc1 a6 20. bxa6 Qxa6 21. Qd1 Rxc1 22. Bxc1 Bxa4 23. Qe1 Rc4 24. Be3 b5 25. Nd2 Qa5 26. Nxc4 Qxe1+ 27. Rxe1 dxc4 28. g4 Ne7 29. Rc1 Nd5 30. Bd2 Kf8 31. f4 Ke8 32. Kf2 Kd7 33. f5 Kc6 34. Kf3 Bb3 35. Ke4 b4 36. h4 Kb5 37. g5 c3 38. Be1 Bc4 39. h5 exf5+ 40. Kxf5 g6+ 41. hxg6 hxg6+ 42. Ke4 b3 43. Rxc3 b2 44. Rxc4 Kxc4 45. Bf2 b1Q+ 46. Kf3 0-1

[Event "Rheinland Pfalz op 11th"]
[Site "Weilerbach"]
[Date "2019.06.20"]
[Round "2"]
[White "Muckle, Richard"]
[Black "Leyendecker, Niklas"]
[Result "1-0"]
[WhiteElo "2057"]
[BlackElo "1870"]
[PlyCount "80"]
[EventDate "2019.06.20"]
[EventType "swiss"]
[EventRounds "7"]
[EventCountry "GER"]
[SourceTitle "CBM 191 Extra"]
[Source "ChessBase"]
[SourceDate "2019.09.30"]
[SourceVersion "1"]
[SourceVersionDate "2019.09.30"]
[SourceQuality "1"]

1. d4 d5 2. g3 Nf6 3. Bg2 e6 4. Nf3 b5 5. Ne5 Bb7 6. 0-0 Nbd7 7. Bg5 Be7 8. Nxd7 Nxd7 9. Bxe7 Qxe7 10. c3 Rb8 11. Nd2 c5 12. dxc5 Nxc5 13. Nb3 0-0 14. Nxc5 Qxc5 15. e3 Rfc8 16. Qd2 a5 17. Rfc1 Bc6 18. Qd4 Bd7 19. Bf1 a4 20. a3 h6 21. Rd1 Qc7 22. Qb4 Qe5 23. Qd4 Qc7 24. Rd2 Bc6 25. Rad1 Qe7 26. Bg2 Qb7 27. Re1 Qc7 28. Red1 Qb7 29. Qe5 Re8 30. Rd4 Rbc8 31. Rb4 Qe7 32. e4 dxe4 33. Bxe4 Bxe4 34. Qxe4 Qg5 35. Qe2 Rb8 36. Rd7 Qf5 37. Qe4 Qxe4 38. Rxe4 Red8 39. Ra7 Rd5 40. Rb4 Rc5 1-0

[Event "GER-ch U25-A"]
[Site "Willingen"]
[Date "2019.06.09"]
[Round "1"]
[White "Uhlendorff, Luca"]
[Black "Muckle, Richard"]
[Result "1/2-1/2"]
[WhiteElo "1735"]
[BlackElo "2057"]
[PlyCount "77"]
[EventDate "2019.06.08"]
[EventType "swiss"]
[EventRounds "9"]
[EventCountry "GER"]
[SourceTitle "CBM 191 Extra"]
[Source "ChessBase"]
[SourceDate "2019.09.30"]
[SourceVersion "1"]
[SourceVersionDate "2019.09.30"]
[SourceQuality "1"]

1. d4 d5 2. Bf4 e6 3. e3 Bd6 4. Bg3 Nf6 5. c3 Ne4 6. Nd2 Nxg3 7. hxg3 b6 8. Bd3 h6 9. f4 Nd7 10. Ngf3 Bb7 11. Ne5 Bxe5 12. fxe5 Qg5 13. Qf3 0-0-0 14. a4 Rdf8 15. Qf4 Qe7 16. Qh4 f6 17. g4 g5 18. exf6 Qd6 19. Qh2 Nxf6 20. Qxd6 cxd6 21. Be2 Kb8 22. a5 Bc8 23. axb6 axb6 24. c4 Bb7 25. Bf3 e5 26. dxe5 dxe5 27. cxd5 Bxd5 28. Bxd5 Nxd5 29. Ke2 Nf6 30. Ra4 Kb7 31. Rha1 Ra8 32. Rxa8 Rxa8 33. Rxa8 Kxa8 34. Kf3 Kb7 35. Ne4 Ne8 36. Ng3 Nf6 37. Ne4 Ne8 38. Ng3 Nf6 39. Ne4 1/2-1/2

[Event "GER-ch U25-A"]
[Site "Willingen"]
[Date "2018.05.25"]
[Round "8"]
[White "Muckle, Richard"]
[Black "Do, Nam"]
[Result "1/2-1/2"]
[WhiteElo "1971"]
[BlackElo "1887"]
[PlyCount "112"]
[EventDate "2018.05.19"]
[EventType "swiss"]
[EventRounds "9"]
[EventCountry "GER"]
[SourceTitle "CBM 184 Extra"]
[Source "ChessBase"]
[SourceDate "2018.06.28"]
[SourceVersion "1"]
[SourceVersionDate "2018.06.28"]
[SourceQuality "1"]

1. d4 Nf6 2. g3 e6 3. Bg2 d5 4. Nf3 c5 5. c3 Nc6 6. 0-0 Be7 7. Re1 0-0 8. Bg5 cxd4 9. Nxd4 h6 10. Bxf6 Bxf6 11. e3 Qb6 12. Qb3 Qc7 13. Nd2 Bd7 14. Nxc6 bxc6 15. e4 Rab8 16. Qc2 Rb6 17. Rac1 Rc8 18. b3 Ra6 19. c4 Qa5 20. Qd3 Rd8 21. cxd5 cxd5 22. exd5 exd5 23. a4 Be6 24. Red1 Rad6 25. Bf1 Bg5 26. h4 Bf6 27. Qb5 Bc3 28. Nf3 Bg4 29. Qd3 d4 30. Be2 Bf5 31. Qb5 d3 32. Qxa5 Bxa5 33. Bf1 Bg4 34. Bg2 Rf6 35. b4 Bxb4 36. Rc4 Bxf3 37. Bxf3 Rxf3 38. Rxb4 d2 39. Rb2 Ra3 40. Rbxd2 Rxd2 41. Rxd2 Rxa4 42. Rd7 Ra1+ 43. Kg2 a5 44. Ra7 a4 45. Rb7 a3 46. Rc7 a2 47. Ra7 Kh7 48. h5 Kg8 49. Ra8+ Kh7 50. Ra7 g5 51. Rxf7+ Kg8 52. Ra7 g4 53. Ra6 Kf7 54. Ra7+ Ke6 55. Ra6+ Kd5 56. Ra8 Ke6 1/2-1/2

[Event "GER-ch U25-A"]
[Site "Willingen"]
[Date "2018.05.20"]
[Round "1"]
[White "Krause, Benedict"]
[Black "Muckle, Richard"]
[Result "1-0"]
[WhiteElo "2446"]
[BlackElo "1971"]
[PlyCount "77"]
[EventDate "2018.05.19"]
[EventType "swiss"]
[EventRounds "9"]
[EventCountry "GER"]
[SourceTitle "CBM 184 Extra"]
[Source "ChessBase"]
[SourceDate "2018.06.28"]
[SourceVersion "1"]
[SourceVersionDate "2018.06.28"]
[SourceQuality "1"]

1. e4 e6 2. d4 d5 3. Nc3 dxe4 4. Nxe4 Be7 5. Nf3 Nf6 6. Bd3 Bd7 7. Nxf6+ Bxf6 8. 0-0 0-0 9. c3 Re8 10. Bf4 c5 11. Be4 Bc6 12. Bxc6 Nxc6 13. dxc5 e5 14. Be3 e4 15. Qxd8 Raxd8 16. Nd2 Na5 17. Rfd1 g6 18. Kf1 h5 19. Ke2 Bg7 20. Rac1 f5 21. b4 Nc6 22. Nc4 Rxd1 23. Kxd1 Rd8+ 24. Ke2 Rd3 25. Bd2 Ne7 26. Nb2 Rd7 27. Rc2 Nc6 28. Bf4 Rd5 29. a3 Kh7 30. Rd2 Ne7 31. Nd1 Rxd2+ 32. Kxd2 Nd5 33. Bb8 a6 34. c4 Ne7 35. Bf4 Nc6 36. Ne3 Bb2 37. b5 Ne7 38. c6 bxc6 39. b6 1-0

[Event "GER-ch U25-A"]
[Site "Willingen"]
[Date "2018.05.20"]
[Round "2"]
[White "Muckle, Richard"]
[Black "Fuhlrott, Tim"]
[Result "1-0"]
[WhiteElo "1971"]
[BlackElo "1911"]
[PlyCount "83"]
[EventDate "2018.05.19"]
[EventType "swiss"]
[EventRounds "9"]
[EventCountry "GER"]
[SourceTitle "CBM 184 Extra"]
[Source "ChessBase"]
[SourceDate "2018.06.28"]
[SourceVersion "1"]
[SourceVersionDate "2018.06.28"]
[SourceQuality "1"]

1. d4 f5 2. g3 Nf6 3. Bg2 d6 4. c3 g6 5. Nf3 Bg7 6. 0-0 0-0 7. Nfd2 Nc6 8. e4 e5 9. exf5 gxf5 10. Bxc6 bxc6 11. dxe5 dxe5 12. Qa4 Qe8 13. Nf3 f4 14. Re1 fxg3 15. hxg3 Ng4 16. Nbd2 Qg6 17. Nh4 Qd3 18. Ndf3 Rxf3 19. Nxf3 Qxf3 20. Qc4+ Kh8 21. Qe2 Qxe2 22. Rxe2 Ba6 23. Re4 h5 24. f3 Nf6 25. Rxe5 Re8 26. Rxe8+ Nxe8 27. Be3 Kg8 28. Bxa7 Kf7 29. Bc5 Nd6 30. Re1 Bf6 31. Kg2 Nc4 32. b3 Bxc3 33. Re7+ Kf6 34. bxc4 Bxc4 35. Rxc7 Bxa2 36. Rxc6+ Be6 37. Be7+ Kxe7 38. Rxc3 Kd6 39. Ra3 Bf7 40. Kh3 Ke5 41. Kh4 Kf6 42. Ra5 1-0

[Event "Wiesbaden op 29th"]
[Site "Wiesbaden"]
[Date "2017.08.27"]
[Round "6"]
[White "Puschendorf, Steffen"]
[Black "Muckle, Richard"]
[Result "1/2-1/2"]
[WhiteElo "2115"]
[BlackElo "1936"]
[PlyCount "95"]
[EventDate "2017.08.24"]
[EventType "swiss"]
[EventRounds "7"]
[EventCountry "GER"]
[SourceTitle "CBM 180 Extra"]
[Source "ChessBase"]
[SourceDate "2017.10.06"]
[SourceVersion "1"]
[SourceVersionDate "2017.10.06"]
[SourceQuality "1"]

1. d4 d5 2. Nf3 Nf6 3. c4 e6 4. g3 Bb4+ 5. Bd2 Bxd2+ 6. Nbxd2 0-0 7. Bg2 Qe7 8. 0-0 Nc6 9. Qb3 Ne4 10. e3 Nxd2 11. Nxd2 Na5 12. Qc3 Nxc4 13. Nxc4 dxc4 14. Qxc4 c6 15. Qc3 Rd8 16. Rad1 Bd7 17. Rd2 Be8 18. Rfd1 Kf8 19. Qd3 Kg8 20. Qb3 Rac8 21. h4 b6 22. e4 Rc7 23. d5 cxd5 24. exd5 exd5 25. Bxd5 Rcd7 26. Rd3 Qc5 27. Rd4 Rd6 28. Qf3 g6 29. b4 Qc7 30. Qf4 Kg7 31. h5 Qe7 32. h6+ Kf8 33. Bxf7 Rxd4 34. Rxd4 Rxd4 35. Qxd4 Qxf7 36. Qd6+ Kg8 37. Qe5 b5 38. g4 Qd7 39. g5 Qg4+ 40. Kh2 Qh4+ 41. Kg1 Qg4+ 42. Kh2 Qd7 43. Kg1 Qf7 44. a3 Qd7 45. Kh2 Qf7 46. Kg3 Qd7 47. Kh2 Qf7 48. Kg3 1/2-1/2